000
00317nam a22001337a 4500
008
180104b xxu||||| |||| 00| 0 eng d
020
_a
9781558609068
041
_a
eng
080
_a
721
100
_a
41
101
_a
ARK
245
_a
Web Services and Service-Oriented Architectures
_c
Barry, D.K
942
_2
udc
_c
BK
999
_c
39741
_d
39741